Statistics for Countries Closest to California

Click here to take the quiz!

General Stats

  • This quiz has been taken 52 times
  • The average score is 16 of 20

Answer Stats

Distance (km)Distance (mi)Country% Correct
700435Canada
98%
00Mexico
98%
2,8801,790Guatemala
96%
3,4792,162Bahamas
91%
3,0221,878Belize
91%
3,7982,360Costa Rica
87%
3,1511,958Cuba
87%
3,2422,015El Salvador
87%
4,2882,665Haiti
87%
3,2272,005Honduras
87%
4,5112,803Dominican Republic
85%
3,9462,452Jamaica
85%
4,1392,572Panama
85%
3,5152,184Nicaragua
80%
3,9652,464Colombia / San Andres and Providencia
76%
2,5431,580France / Clipperton Island
76%
3,6102,243United Kingdom / Cayman Islands
74%
3,8182,372Russia
72%
4,1692,591Ecuador / Galapagos Islands
65%
4,4372,757Denmark / Greenland
41%

Score Distribution

Percentile by Number Answered

Percent of People with Each Score

Your Score History

You have not taken this quiz